[Event "2.BLO 0607 USV TU Dresden - Leipzig Goh"]
[Site "?"]
[Date "2007.02.04"]
[Round "5.5"]
[White "Zesch, Ludwig"]
[Black "Loxine, Jakow"]
[Result "1/2-1/2"]
[WhiteElo "2287"]
[BlackElo "2301"]
[PlyCount "83"]
[EventDate "2007.??.??"]

1. e4 c5 2. Nf3 Nc6 3. d4 cxd4 4. Nxd4 e5 5. Nb5 d6 6. c4 Be7 7. Be2 Be6 8. O-O
Nf6 9. N1c3 a6 10. Na3 O-O 11. Be3 Rc8 12. Rc1 h6 13. Nab1 Ne8 14. Nd5 Bg5 15.
Bb6 Qd7 16. Rc3 Bd8 17. Be3 f5 18. exf5 Bxf5 19. Rc1 Nf6 20. h3 e4 21. Nxf6+
Bxf6 22. Nc3 Kh8 23. Nd5 Rce8 24. c5 Bxb2 25. Nb6 Qe6 26. Rb1 Be5 27. Nc4 d5
28. Nxe5 Nxe5 29. Rxb7 Bxh3 30. Rb6 Qf5 31. Bxh6 Rf6 32. Rxf6 gxf6 33. f4 Ng4
34. gxh3 Nxh6 35. Kh2 Rg8 36. Qd4 Qe6 37. Rg1 Nf5 38. Rxg8+ Kxg8 39. Qg1+ Ng7
40. Qd4 Nf5 41. Qg1+ Ng7 42. Qd4 1/2-1/2

[Event "2.BLO 0607 USV TU Dresden - Leipzig Goh"]
[Site "?"]
[Date "2007.02.04"]
[Round "5.6"]
[White "Baier, Silvio"]
[Black "Quast, Michael"]
[Result "1/2-1/2"]
[WhiteElo "2252"]
[BlackElo "2285"]
[PlyCount "65"]
[EventDate "2007.??.??"]

1. e4 e5 2. Nf3 Nf6 3. Nxe5 d6 4. Nf3 Nxe4 5. Nc3 Nf6 6. d4 Be7 7. Bg5 c6 8.
Qd2 O-O 9. O-O-O b5 10. d5 b4 11. Bxf6 Bxf6 12. Ne4 c5 13. Qf4 Be7 14. Bd3 Ba6
15. Neg5 Bxd3 16. Rxd3 Nd7 17. h4 Rc8 18. Re3 Nf6 19. Qc4 Rc7 20. Rhe1 h6 21.
Nh3 Nh7 22. g3 Bf6 23. Nf4 Re7 24. Rxe7 Bxe7 25. Nd2 Bf6 26. Nd3 Re8 27. Rxe8+
Qxe8 28. Qe4 Qa4 29. Nc4 Qd7 30. Nf4 Bd4 31. Ng2 Nf6 32. Qf3 Qb5 33. Nge3 {(=)}
1/2-1/2

[Event "2.BLO 0607 USV TU Dresden - Leipzig Goh"]
[Site "?"]
[Date "2007.02.04"]
[Round "5.7"]
[White "Hoffmann, Hendrik"]
[Black "Graf, Felix"]
[Result "0-1"]
[WhiteElo "2329"]
[BlackElo "2207"]
[PlyCount "126"]
[EventDate "2007.??.??"]

1. e4 e6 2. d4 d5 3. Nc3 Bb4 4. Nge2 Nf6 5. e5 Nfd7 6. a3 Be7 7. Ng3 f5 8. exf6
Nxf6 9. Nh5 O-O 10. Bd3 Qe8 11. Nxf6+ Bxf6 12. O-O c5 13. dxc5 Bd7 14. Ne2 Na6
15. Be3 Rc8 16. Bxa6 bxa6 17. Rb1 Bc6 18. f4 Bb5 19. Rf3 Qg6 20. Nd4 Bxd4 21.
Bxd4 Qe4 22. Qd2 e5 23. Bxe5 Rxc5 24. Rc3 Rxc3 25. Qxc3 d4 26. Qc7 Rf7 27. Qb8+
Rf8 28. Qxa7 Rf7 29. Qxd4 Qxc2 30. Rd1 Rd7 31. Qxd7 Bxd7 32. Rxd7 Qc5+ 33. Rd4
Qc1+ 34. Kf2 Qxb2+ 35. Kf1 Qxa3 36. Rd8+ Kf7 37. Rd7+ Ke6 38. Rxg7 a5 39. Rc7
a4 40. Kf2 Qd3 41. Rc3 Qa6 42. Re3 Kf5 43. h3 h5 44. Kg3 a3 45. Kh2 a2 46. Re1
Qb6 47. Rg1 h4 48. Kh1 {(=)} 48... Qb1 49. Kh2 Ke4 50. Kh1 Ke3 51. Kh2 Ke2 52.
Bf6 Qb6 53. Be5 Qe3 54. Kh1 Qe4 55. Kh2 Kf2 56. Kh1 Kg3 57. Bc7 a1=Q 58. f5+
Kf2 59. Bb6+ Qad4 60. Bxd4+ Qxd4 61. Kh2 Qf4+ 62. Kh1 Qxf5 63. Kh2 Qe4 0-1

[Event "2.BLO 0607 USV TU Dresden - Leipzig Goh"]
[Site "?"]
[Date "2007.02.04"]
[Round "5.8"]
[White "Jordan, Dirk Dr"]
[Black "Rausch, Stephan"]
[Result "0-1"]
[WhiteElo "2226"]
[BlackElo "2338"]
[PlyCount "132"]
[EventDate "2007.??.??"]

1. d4 d5 2. Bg5 c6 3. e3 Qb6 4. b3 h6 5. Bf4 Bf5 6. Bd3 Bxd3 7. Qxd3 Nf6 8. Nf3
Nbd7 9. O-O e6 10. c4 Be7 11. c5 Qa5 12. a3 Nh5 13. Be5 Nxe5 14. Nxe5 Nf6 15.
b4 Qc7 16. Nc3 O-O 17. Rfc1 Nd7 18. Nxd7 Qxd7 19. a4 f6 20. b5 e5 21. a5 a6 22.
bxc6 bxc6 23. Rcb1 Bd8 24. Rb3 exd4 25. Qxd4 Bc7 26. Qa4 Rab8 27. Rab1 f5 28.
Ne2 Rb5 29. Rxb5 axb5 30. Qa3 Ra8 31. a6 Be5 32. f4 Bf6 33. Nd4 Bxd4 34. exd4
Qe7 35. g3 Qe4 36. Rd1 Qe2 37. Qa1 Rxa6 38. Qxa6 Qxd1+ 39. Kg2 Qe2+ 40. Kh3 Qe6
41. Qb7 Kh7 42. Kg2 Kg6 43. Kf2 Qf6 44. Kf3 Qe6 45. Kf2 Kh7 46. Kf1 h5 47. h4
Qe3 48. Qxc6 Qf3+ 49. Ke1 Qxg3+ 50. Ke2 Qg2+ 51. Kd3 Qf1+ 52. Ke3 Qc1+ 53. Kf3
Qc3+ 54. Kg2 Qd2+ 55. Kf3 Qd3+ 56. Kg2 Qe2+ 57. Kh1 Qf1+ 58. Kh2 Qxf4+ 59. Kg2
Qe4+ 60. Kf1 b4 61. Qb7 Qxd4 62. c6 Qc4+ 63. Kg2 b3 64. c7 b2 65. c8=Q Qxc8 66.
Qxc8 b1=Q 0-1